000 00375nam a2200157Ia 4500
008 230711s9999||||xx |||||||||||||| ||und||
041 _aENG
082 _a720
_bCH-S
100 _aChristine,Olson Gedye
245 0 _aSunset Ideas for great Baby Rooms
250 _a1st
260 _c2000
_aCalifornia
_bSunset Books
300 _a112
650 _aArchitecture
942 _cBK
999 _c4944
_d4944